000 00314nam a22001337a 4500
008 170327b xxu||||| |||| 00| 0 eng d
020 _a9780721694115
041 _aeng
080 _24 ED
_a615.83
100 _a8
101 _aSHM
245 _aPHYSICAL DIAGNOSIS KISTORY EXAMINATION
_cSWARTZ.M.H
942 _2udc
_cBK
999 _c8677
_d8677